LEADER 01580nam a2200325 4500 001 000000353183 003 CaOOAMICUS 005 20230801153207.0 008 230320s2023 it 000 u ita r 020 $a978-88-98226-57-3 040 $aSeMil$bita 100 1 $aGaetani, Luigi.$0(OLS)http://semarc/name/109666 245 12$aI presbiteri nella Chiesa :$bvita spirituale e discernimento /$cLuigi Gaetani, Sergio La Pegna ; a cura di Onofrio Castelli. 264 1$aCaltanissetta :$bCentro Studi "Monsignor Giovanni Jacopo Vescovo",$c2023. 300 $a241 p. ;$c22 cm 490 1 $aFormazione permanente del clero ;$v30 500 $aIn mezzo al front.: Esercizi spirituali del Clero 2022 541 0 $aOmaggio mons. Mario Delpini (3F II 1148) 650 4$aEsercizi spirituali [per] Sacerdoti cattolici.$0(OLS)http://semarc/subject/53627 700 1 $aLa Pegna, Sergio.$0(OLS)http://semarc/name/116125 700 1 $aCastelli, Onofrio.$0(OLS)http://semarc/name/115277 830 0$aFormazione permanente del clero ;$v30.$0(OLS)http://semarc/title/28244 850 $aSeMil 852 $aSeMil$W1$xVenegono$y1$m3F II 1148$j242618$B244413$CSeMilBibl$Z2$F244413 $81 941 1 $a7 961 $aOmaggio mons. Mario Delpini 996 $6020$a978-88-98226-57-3$9(OLS)http://semarc/number/297807 996 $6245$aI presbiteri nella Chiesa :$bvita spirituale e discernimento$9(OLS)http://semarc/title/443203 996 $6264$aCaltanissetta :$bCentro Studi "Monsignor Giovanni Jacopo Vescovo"$9(OLS)http://semarc/publisher/60882 LEADER 01184nam a2200277 i 4500 001 000000125306 003 CaOOAMICUS 005 20260505132619.0 008 080729s1920 it u000 u ita u 013 $a98006 040 $aSeMil$bita 100 0 $aEpicurus,$d<341-270 a.C.>.$0(OLS)http://semarc/name/35766 245 10$aEpicuro :$bopere, frammenti, testimonianze sulla sua vita /$ctradotti con introduzione e commento da Ettore Bignone. 260 $aBari :$bLaterza & Figli,$c1920. 300 $aIX, 271 p. ;$c22 cm. 490 0 $aFilosofi antichi e medievali : collana di testi e traduzioni 650 4$aEpicuro.$0(OLS)http://semarc/subject/3102 700 1 $aBignone, Ettore,$d<1879-1953>.$0(OLS)http://semarc/name/8732 830 0$aFilosofi antichi e medievali.$0(OLS)http://semarc/title/15045 850 $aSeMil 852 $aSeMil$W1$xVenegono$y1$m2P II 690$j79770$B79770$CSeMilBibl$Z2$F81899 $81 900 0 $aEpicuro. 996 $6245$aEpicuro :$bopere, frammenti, testimonianze sulla sua vita$9(OLS)http://semarc/title/184509 996 $6260$aBari :$bLaterza & Figli$9(OLS)http://semarc/publisher/29663